000 00284nam a2200121 a 4500
090 _aLB
_b05416
041 _aeng
245 _aGlobal biodiversity information facility financial report
_b2007
260 _aCo
_bGBIF
_c2003
300 _a27 p.
942 _cIMPRESO
945 _d2004-03-29
999 _c6771
_d6771